000 01129nam0a2200313 4500
001 RU\NLR\bibl\1345079
005 20260406133331.0
010 _a978-5-180-006059
_925000
021 _aRU
_b2009-2565
_9137
035 _a(nilc)RSL-KNO-004239389
035 _a(NLR Aleph) 001330215
090 _a795564
_c795564
100 _a20090225d2008 |||y0rusy50 ca
101 1 _arus
_cund
102 _aRU
105 _aa zzzz|||||
200 1 _aБременские музыканты
_e[для чтения взрослыми детям]
_fШарль Перро
_g[худож. Л. Якшис]
210 _aМосква
_cMachaon
_d2008
215 _a[16] с.
_cцв. ил.
_d14
225 1 _aПочитай мне сказку
700 1 _4070
_7ca
_8rus
_aГримм
_bЯ.
_f1785-1863
_gЯкоб
_9112038
_3RU\NLR\auth\772021
701 1 _4070
_7ca
_8rus
_aГримм
_bВ. К.
_f1786-1859
_gВильгельм Карл
_9112035
_3RU\NLR\auth\772018
702 1 _aЯшкис
_bЛ.
_4040
801 0 _aRU
_bРКП
_c20090225
801 1 _aRU
_bРГБ
_c20090225
801 2 _aRU
_bNLR
_c20090324
_grcr
942 _cBOOK
980 _aNB